00387 a2200109 4500001001000000005001700010008004100027245010500068100002500173773006200198999001700260ART_4689820260410162031.0260409a 10aPetroleros privados. CCT 644/2012. Neuquén, Río Negro y La Pampa. Nuevas actas acuerdo 2017/20181 aDi Lucente, Mauro S.0 tLiquidación de sueldosg- N° 146 (jul. 2018)wREV44399 c34038d34038